The prince / (Record no. 17703)
[ view plain ]
| 000 -LEADER | |
|---|---|
| fixed length control field | 01193pam a2200337 a 4500 |
| 001 - CONTROL NUMBER | |
| control field | 013045576 |
| 003 - CONTROL NUMBER IDENTIFIER | |
| control field | OSt |
| 005 - DATE AND TIME OF LATEST TRANSACTION | |
| control field | 20201128021001.0 |
| 008 - FIXED-LENGTH DATA ELEMENTS--GENERAL INFORMATION | |
| fixed length control field | 050308r20052008xxkb frbd2 f001 0 eng d |
| 020 ## - INTERNATIONAL STANDARD BOOK NUMBER | |
| International Standard Book Number | 9780199535699 |
| 041 1# - LANGUAGE CODE | |
| Language code of text/sound track or separate title | eng |
| Language code of original and/or intermediate translations of text | ita |
| 082 04 - DEWEY DECIMAL CLASSIFICATION NUMBER | |
| Classification number | 320.01 |
| Edition number | 22 |
| Item number | MAC |
| 100 1# - MAIN ENTRY--PERSONAL NAME | |
| 9 (RLIN) | 33417 |
| Personal name | Machiavelli, Niccolò, |
| Dates associated with a name | 1469-1527 |
| 240 10 - UNIFORM TITLE | |
| Uniform title | <a href="Principe.">Principe.</a> |
| Language of a work | English |
| 245 14 - TITLE STATEMENT | |
| Title | The prince / |
| Statement of responsibility, etc | Niccolo Machiavelli ; translated and edited by Peter Bondanella ; with an introduction by Maurizio Viroli. |
| 250 ## - EDITION STATEMENT | |
| Remainder of edition statement | Reprinted. |
| 260 ## - PUBLICATION, DISTRIBUTION, ETC. (IMPRINT) | |
| Place of publication, distribution, etc | Oxford, United Kingdom : |
| Name of publisher, distributor, etc | Oxford University Press, |
| Date of publication, distribution, etc | c.2005. |
| 300 ## - PHYSICAL DESCRIPTION | |
| Extent | li, 133 p. : |
| Other physical details | map ; |
| Dimensions | 20 cm. |
| 490 0# - Series Statement | |
| Series statement | Oxford world's classics |
| 500 ## - GENERAL NOTE | |
| General note | Index : p. 131-133. |
| 500 ## - GENERAL NOTE | |
| General note | Glossary : p. 114-130. |
| 500 ## - GENERAL NOTE | |
| General note | Reprint of the 2005 ed. |
| 504 ## - BIBLIOGRAPHY, ETC. NOTE | |
| Bibliography, etc | Bibliography : p. xlii-xlix. |
| 650 #0 - SUBJECT ADDED ENTRY--TOPICAL TERM | |
| Topical term or geographic name as entry element | Political science |
| Form subdivision | Early works to 1800 |
| 9 (RLIN) | 1263 |
| 650 #0 - SUBJECT ADDED ENTRY--TOPICAL TERM | |
| Topical term or geographic name as entry element | Political ethics |
| 9 (RLIN) | 33418 |
| 653 ## - INDEX TERM--UNCONTROLLED | |
| Resource For college | BAEPS, Political Science |
| Arrived date list | October2013 |
| -- | February2014 |
| 655 ## - INDEX TERM--GENRE/FORM | |
| Form subdivision | |
| -- | 34232 |
| 700 1# - ADDED ENTRY--PERSONAL NAME | |
| 9 (RLIN) | 1265 |
| Personal name | Bondanella, Peter E. |
| Dates associated with a name | 1943- |
| Relator term | translator. |
| 700 1# - ADDED ENTRY--PERSONAL NAME | |
| 9 (RLIN) | 1266 |
| Personal name | Viroli, Maurizio |
| Relator term | author of introduction, etc. |
| 942 ## - ADDED ENTRY ELEMENTS (KOHA) | |
| Source of classification or shelving scheme | Dewey Decimal Classification |
| Item type | Book - Borrowing |
| Call number prefix | 320.01 MAC |
| Withdrawn status | Item status | Source of classification or shelving scheme | Damaged status | Not for loan | Vendor | Home library | Current library | Shelving location | Date acquired | Source of acquisition | Total Checkouts | Total Renewals | Full call number | Barcode | Date last seen | Date last borrowed | Koha item type |
|---|---|---|---|---|---|---|---|---|---|---|---|---|---|---|---|---|---|
| Dewey Decimal Classification | Baccah | Central Library | Central Library | First floor | 29/10/2013 | 8 | 128 | 320.01 MAC | 000029433 | 15/07/2025 | 23/09/2023 | Book - Borrowing | |||||
| Dewey Decimal Classification | Baccah | Central Library | Central Library | First floor | 29/10/2013 | 20 | 107 | 320.01 MAC | 000029432 | 28/10/2025 | 08/10/2025 | Book - Borrowing |